| Registos Bibliográficos associados ao registo de autoridade |
|
Etiqueta de registo: 00000nkm 2200025 450 001 2273298 003 http://id.bnportugal.gov.pt/bib/catbnp/2273298 100 ## $a20260229d1984 m y0pory01030103ba 101 0# $apor 102 ## $aPT 200 1# $aV Exposição Colectiva da Árvore, Porto, 7 a 23 de dezembro de 1984$bVisual gráfico] 210 #9 $aPorto$cÁrvore Cooperativa de Actividades Artísticas,$d1984 215 ## $a1 cartaz$ccolor.$d68x48cm 317 ## $aColeção Madeira Luís 675 ## $a766(=1:469)"198"(084.5)$vBN$zpor$31302430 710 02 $aExposição Colectiva da Árvore,$d5,$ePorto$f1984$31988151 712 02 $aÁrvore - Cooperativa de Actividades Artísticas$4557$31910724 801 #0 $aPT$bBN$gRPC 966 ## $lBN$mICONOG$sCT. 7587 R.$x3 971 ## $cCaticonografia8$d20260227 972 ## $d20260302 $e1$vmferro$z0 995 ## $aPRR2026
|
|
|